[Event "Madrid San Viator op-B 28th"]
[Site "Madrid"]
[Date "2017.03.26"]
[Round "1"]
[White "Rodriguez Nieto, Miguel Angel"]
[Black "Gonzalez Garcia, Francisco Javie"]
[Result "1-0"]
[WhiteElo "1738"]
[BlackElo "1449"]
[PlyCount "59"]
[EventDate "2017.03.26"]
[EventType "swiss"]
[EventRounds "9"]
[EventCountry "ESP"]
[SourceTitle "EXT 2019"]
[Source "ChessBase"]
[SourceDate "2018.10.10"]
[SourceVersion "1"]
[SourceVersionDate "2018.10.10"]
[SourceQuality "1"]

1. c4 e6 2. Nf3 c5 3. e3 d5 4. cxd5 exd5 5. Bb5+ Bd7 6. Bxd7+ Nxd7 7. 0-0 Ngf6 8. b3 b5 9. Bb2 b4 10. d3 Bd6 11. Nbd2 0-0 12. d4 Rc8 13. dxc5 Nxc5 14. Bd4 a5 15. Rc1 Nfd7 16. Rc2 a4 17. bxa4 Qa5 18. Nb3 Qxa4 19. Nfd2 Rc6 20. Qg4 f6 21. Qf3 Nb6 22. Bxc5 Rfc8 23. Rfc1 Bxc5 24. Nxc5 Rxc5 25. Rxc5 Ra8 26. Qh3 Qxa2 27. Qe6+ Kf8 28. Rc7 d4 29. Qe7+ Kg8 30. Qxg7# 1-0